Les Empereurs de Chine - Statistiques

Statistiques générales
  • Ce quiz a été pris 27 fois
  • Le résultat moyen est 5 sur 166
Statistiques - réponses
Dynastie Dates de règne Nom de règne % Correct
Qing 1908-1912 Puyi
70%
Yuan 1260-1294 Shizu (Kubilai Khan)
35%
Yuan 1206-1227 Taizu (Genghis Khan)
30%
Zhou 690-705 Wu Zetian
30%
Qing 1661-1722 Kangxi
26%
Qin 221-210 av. J.-C. Qin Shi Huangdi
26%
Qing 1820-1850 Daoguang
22%
Ming 1402-1424 Yongle
22%
Qing 1875-1908 Guangxu
17%
Qing 1735-1796 Qianlong
17%
Yuan 1229-1241 Taizong (Ögödei)
17%
Qing 1850-1861 Xianfeng
17%
Ming 1368-1398 Hongwu
13%
Qing 1861-1875 Tongzhi
13%
Qing 1796-1820 Jiaqing
9%
Qing 1616-1626 Nurhachi
9%
Qing 1643-1661 Shunzhi
9%
Tang 626-649 Taizong
9%
Liao 926-947 Taizong
9%
Song du Nord 976-997 Taizong
9%
Jin 1123-1135 Taizong
9%
Qing 1722-1735 Yongzheng
9%
Ming 1627-1644 Chongzhen
4%
Han de l'Ouest 202-195 av. J.-C. Gaozu
4%
Han de l'Est 146-168 ap. J.-C. Huandi
4%
Yuan 1333-1368 Huizong (Togoontömör)
4%
Qin 210-207 av. J.-C. Qin Er Shi
4%
Song du Nord 1022-1063 Renzong
4%
Xia Occidentaux 1139-1193 Renzong
4%
Ming 1424-1425 Renzong
4%
Yuan 1311-1320 Renzong (Ayurbarwada Buyantu Khan)
4%
Xin 9-23 ap. J.-C. Wang Mang
4%
Han de l'Ouest 141-87 av. J.-C. Wudi
4%
Jin de l'Ouest 266-290 Wudi
4%
Han de l'Ouest 7-1 av. J.-C. Aidi
0%
Jin de l'Est 361-365 Aidi
0%
Tang 904-907 Aidi
0%
Jin 1223-1234 Aizong
0%
Han de l'Est 106-125 ap. J.-C. Andi
0%
Jin de l'Est 397-419 Andi
0%
Song du Sud 1278-1279 Bing
0%
Han de l'Ouest 33-7 av. J.-C. Chengdi
0%
Jin de l'Est 325-342 Chengdi
0%
Yuan 1294-1307 Chengzong (Témur Khan)
0%
Han de l'Est 144-145 ap. J.-C. Chongdi
0%
Xia Occidentaux 1086-1139 Chongzong
0%
Tang 762-779 Daizong
0%
Ming 1449-1457 Daizong
0%
Liao 1055-1101 Daozong
0%
Tang 779-805 Dezong
0%
Yuan 1246-1248 Dingzong (Güyük)
0%
Song du Sud 1276-1278 Duanzong
0%
Song du Sud 1264-1274 Duzong
0%
Jin de l'Est 365-371 Feidi
0%
Tang 649-683 Gaozong
0%
Song du Sud 1127-1162 Gaozong
0%
Tang 618-626 Gaozu
0%
Han de Xuan 23-25 ap. J.-C. Gengshidi
0%
Jin de l'Est 419-420 Gongdi
0%
Song du Sud 1275-1275 Gongzong
0%
Song du Sud 1189-1194 Guangzong
0%
Ming 1620-1620 Guangzong
0%
Han de l'Est 25-57 ap. J.-C. Guanwudi
0%
Han de l'Est 88-106 ap. J.-C. Hedi
0%
Han de l'Ouest 74 av. J.-C. He, prince de Changyi
0%
Han de l'Ouest 184-180 av. J.-C. Hou Shaodi
0%
Jin de l'Ouest 307-313 Huaidi
0%
Qing 1626-1643 Huang Taiji
0%
Xia Occidentaux 1193-1211 Huanzong
0%
Han de l'Ouest 195-188 av. J.-C. Huidi
0%
Jin de l'Ouest 290-307 Huidi
0%
Song du Nord 1100-1125 Huizong
0%
Xia Occidentaux 1067-1086 Huizong
0%
Ming 1398-1402 Jianwen
0%
Jin de l'Est 371-372 Jianwendi
0%
Han de l'Ouest 157-141 av. J.-C. Jingdi
0%
Tang 824-827 Jingzong
0%
Liao 969-982 Jingzong
0%
Xia Occidentaux 1032-1048 Jingzong
0%
Jin de l'Est 342-344 Kangdi
0%
Han de l'Est 168-189 ap. J.-C. Lingdi
0%
Han de Chimei 25-27 ap. J.-C. Liu Penzi
0%
Song du Sud 1224-1264 Lizong
0%
Jin de l'Ouest 313-316 Mindi
0%
Han de l'Est 57-75 ap. J.-C. Mingdi
0%
Jin de l'Est 323-325 Mingdi
0%
Yuan 1329-1329 Mingzong (Khutughtu Khan)
0%
Jin 1234 Modi
0%
Xia Occidentaux 1226-1227 Mozhu
0%
Jin de l'Est 344-361 Mudi
0%
Tang 820-824 Muzong
0%
Liao 951-969 Muzong
0%
Ming 1567-1572 Muzong
0%
Song du Sud 1194-1224 Ningzong
0%
Yuan 1332-1332 Ningzong (Rinchinbal Khan)
0%
Han de l'Ouest 1 av. J.-C. – 6 ap. J.-C. Pingdi
0%
Han de l'Ouest 188-184 av. J.-C. Qian Shaodi
0%
Song du Nord 1126-1127 Qinzong
0%
Tang 684-690 Ruizong
0%
Tang 710-712 Ruizong
0%
Yuan 1227-1229 Ruizong (Tolui)
0%
Han de l'Ouest 6-8 ap. J.-C. Ruzi
0%
Han de l'Est 106 ap. J.-C. Shangdi
0%
Tang 710 Shangdi
0%
Han de l'Est 125 ap. J.-C. Shaodi, marquis de Beixiang
0%
Han de l'Est 189 ap. J.-C. Shaodi, prince de Hongnong
0%
Liao 982-1031 Shengzong
0%
Song du Nord 1067-1085 Shenzong
0%
Xia Occidentaux 1211-1223 Shenzong
0%
Ming 1572-1620 Shenzong
0%
Liao 947-951 Shizong
0%
Jin 1161-1189 Shizong
0%
Ming 1521-1567 Shizong
0%
Han de l'Est 125-144 ap. J.-C. Shundi
0%
Tang 805 Shunzong
0%
Tang 756-762 Suzong
0%
Yuan 1323-1328 Taiding (Yesün Temür Khan)
0%
Liao 907-926 Taizu
0%
Song du Nord 960-976 Taizu
0%
Jin 1115-1123 Taizu
0%
Yuan 1328-1328 Tianshun (Ragibagh Khan)
0%
Liao 1101-1125 Tianzuo
0%
Jin 1149-1161 Wanyan Liang
0%
Jin 1208-1213 Wanyan Yunji
0%
Han de l'Ouest 180-157 av. J.-C. Wendi
0%
Tang 827-840 Wenzong
0%
Yuan 1328-1329 Wenzong (Jayaatu Khan)
0%
Yuan 1329-1332 Wenzong (Jayaatu Khan)
0%
Tang 840-846 Wuzong
0%
Ming 1505-1521 Wuzong
0%
Yuan 1307-1311 Wuzong (Külüg Khan)
0%
Han de l'Est 189-220 ap. J.-C. Xiandi
0%
Tang 805-820 Xianzong
0%
Xia Occidentaux 1223-1226 Xianzong
0%
Ming 1464-1487 Xianzong
0%
Yuan 1251-1259 Xianzong (Möngke)
0%
Jin de l'Est 372-396 Xiaowudi
0%
Song du Sud 1162-1189 Xiaozong
0%
Ming 1487-1505 Xiaozong
0%
Liao 1031-1055 Xingzong
0%
Tang 873-888 Xizong
0%
Jin 1135-1149 Xizong
0%
Ming 1620-1627 Xizong
0%
Han de l'Ouest 74-48 av. J.-C. Xuandi
0%
Tang 712-756 Xuanzong
0%
Tang 846-859 Xuanzong
0%
Jin 1213-1223 Xuanzong
0%
Ming 1425-1435 Xuanzong
0%
Song du Nord 1063-1067 Yingzong
0%
Ming 1435-1449 Yingzong
0%
Ming 1457-1464 Yingzong
0%
Yuan 1320-1323 Yingzong (Gegeen Khan)
0%
Tang 859-873 Yizong
0%
Xia Occidentaux 1048-1067 Yizong
0%
Han de l'Ouest 49-33 av. J.-C. Yuandi
0%
Jin de l'Est 316-323 Yuandi
0%
Han de l'Est 75-88 ap. J.-C. Zhangdi
0%
Jin 1189-1208 Zhangzong
0%
Han de l'Ouest 87-74 av. J.-C. Zhaodi
0%
Tang 888-904 Zhaozong
0%
Song du Nord 997-1022 Zhenzong
0%
Song du Nord 1085-1100 Zhezong
0%
Han de l'Est 145-146 ap. J.-C. Zhidi
0%
Tang 683-684 Zhongzong
0%
Tang 705-710 Zhongzong
0%
Qin 207-207 av. J.-C. Ziying
0%
Aucun quiz correspondant
Distribution des résultats
% des personnes avec chaque résultat
Percentile par nombre de réponses
Votre historique - résultats
Vous n’avez pas pris ce quiz